000
00339nam a22001457a 4500
005
20250516025920.0
008
250516b |||||||| |||| 00| 0 eng d
082
_2
22
_a
294
_b
JEN
100
_a
Anamuthasi, p.w
245
_a
Janathawage amuthuruwo
260
_b
Author
300
_a
53 p .,
500
_a
Its about Peoples Monk
942
_c
L
999
_c
6048
_d
6048